MARC

LEADER 00000nam0a2200000 4500
001 58514
005 20231031055105.0
010 |a 5120013775 
035 |a (RuTPU)RU\TPU\book\61797 
090 |a 58514 
100 |a 20031202d1990 km y0rusy50 ca 
101 0 |a rus 
102 |a UA 
105 |a a g 001zy 
200 1 |a Справочник по сварке цветных металлов  |f С. М. Гуревич  |g Академия наук Украинской ССР; Институт электросварки им. Е. О. Патона 
205 |a 2-е изд., перераб. и доп. 
210 |a Киев  |c Наукова думка  |d 1990 
215 |a 512 с.  |c ил. 
320 |a Библиогр.: с. 482-504 
320 |a Предметный указатель: с. 505-511 
610 1 |a цветные металлы 
610 1 |a сварка 
610 1 |a сплавы 
610 1 |a классификация 
610 1 |a легкие металлы 
610 1 |a тяжелые металлы 
610 1 |a коррозионная стойкость 
610 1 |a сварные соединения 
610 1 |a справочники 
675 |a 621.791:669.2/8(035)  |v 3 
700 1 |a Гуревич  |b С. М.  |g Самуил Маркович 
712 0 2 |a Академия наук Украинской ССР (АН УССР)  |b Институт электросварки им. Е. О. Патона (ИЭС)  |c (Киев)  |2 stltpush  |3 (RuTPU)RU\TPU\col\13726 
801 1 |a RU  |b 63413507  |c 20031202  |g PSBO 
801 2 |a RU  |b 63413507  |c 20121030  |g PSBO 
942 |c BK